| 000 | 01534nam0a22002891 4500 | ||
|---|---|---|---|
| 001 | rc\4242057 | ||
| 005 | 20250612024949.0 | ||
| 021 |
_aRU _b[66-49798] |
||
| 035 | _a(NLR Aleph) 008470914 | ||
| 090 |
_a7929038 _c7929038 |
||
| 100 | _a20130416d1966 |||y0rusy50 ca | ||
| 101 | 0 | _arus | |
| 102 | _aRU | ||
| 105 | _aa z ||||| | ||
| 200 | 1 |
_aОпыт применения счетно-перфорационных машин в управлении промышленным предприятием _fОбъединение по руководству науч.-техн. информацией и пропагандой в РСФСР при Гос. ком. Совета Министров СССР по науке и технике "Ростехинформ". Гос. науч.-исслед. ин-т науч. и техн. информации "ГосИНТИ" |
|
| 210 |
_aМосква _cБ. и. _d1966 |
||
| 215 |
_a18 с., 2 л. табл. _d21 |
||
| 225 | 1 |
_aПередовой научно-технический и производственный опыт _v№ 13-66-1082/30 |
|
| 300 | _aНа обл. авт. не указаны | ||
| 606 |
_aМашиностроительные заводы _xУправление _xМатематические методы _2psbo |
||
| 700 | 1 |
_aАсадуллин _bА.З. _gАльберт Зуфарович |
|
| 701 | 1 |
_aСоин _bП.В. _gПетр Васильевич |
|
| 801 | 0 |
_aRU _bNLR _gpsbo |
|
| 801 | 1 |
_aRU _bELAR _2rusmarc |
|
| 852 |
_aNLR _jП11/2295 |
||
| 942 | _cBOOK | ||
| 980 | _aNB | ||